| 000 | 00588nam a2200157 i 4500 | ||
|---|---|---|---|
| 001 | 190237 | ||
| 003 | ES-MaACL | ||
| 005 | 20230906223657.0 | ||
| 008 | 200918s1873 sp |||| | spa d | ||
| 110 | 2 |
_aAsociación de Propietarios de Fincas Urbanas de Madrid y su Zona de Ensanche. _91629 |
|
| 245 | 1 | 0 | _aMemoria ... Asociación de Propietarios de fincas urbanas de Madrid ... |
| 260 |
_aMadrid : _b[s.n.], _c1873. |
||
| 300 |
_ap. ; _ccm. |
||
| 610 | 2 | 4 |
_aAsociación de Propietarios de Fincas Urbanas de Madrid y su Zona de Ensanche- _vMemorias. _9150847 |
| 852 |
_aES-MaACL _jT-159-F-5 |
||
| 999 |
_c190237 _d190237 |
||